All Alessi Rose songs (updated with new releases) - Statistics

General Stats
  • This quiz has been taken 207 times
    18 since last reset
  • The average score is 21 of 25
Answer Stats
Answer % Correct
rumination as ritual break me
93%
Voyeur (Deluxe) Falling Forever
93%
Voyeur (Deluxe) Get Around
93%
for your validation oh my
93%
rumination as ritual situationship
93%
Voyeur (Deluxe) Stella
93%
Voyeur (Deluxe) Bittersweet
86%
rumination as ritual lucy
86%
for your validation pretty world
86%
Voyeur (Deluxe) RIP
86%
Voyeur (Deluxe) Same Mouth
86%
Voyeur (Deluxe) Take It or Leave It
86%
rumination as ritual the pit
86%
rumination as ritual CRUSH!
79%
Voyeur (Deluxe) Dumb Girl
79%
rumination as ritual eat me alive
79%
Voyeur (Deluxe) Everything Anything
79%
for your validation ikyk
79%
for your validation start all over
79%
Voyeur (Deluxe) That Could Be Me
79%
for your validation don't ask questions
71%
Voyeur (Deluxe) First Original Thought
71%
Singles/Other hate this part
71%
for your validation imsochillandcool
71%
Singles/Other say ur mine
64%
No matching quizzes found
Score Distribution
Percent of People with Each Score
Percentile by Number Answered
Your Score History
You have not taken this quiz since the last reset